| 000 | 00666nam a2200205Ia 4500 | ||
|---|---|---|---|
| 005 | 20250508165811.0 | ||
| 008 | 008 250505s9999 xx 000 0 eng d | ||
| 037 | _aDissertations | ||
| 040 |
_aFEDL _beng _cFEDL |
||
| 041 |
_aeng _2eng |
||
| 084 |
_a371.26, MIT/DI _qFEDL |
||
| 100 |
_aMitra Aastha _9782011 |
||
| 245 | 0 | _aExploring the potential of an undergraduate classroom in fostering creativity among learners | |
| 260 | _c2016 | ||
| 300 | _aiii, 148p. | ||
| 490 | _aDisadvantaged childern series No. 5 | ||
| 546 | _aM. Phil Dissertation (Delhi University); C D Included | ||
| 942 |
_cDIS _h371.26, MIT/DI |
||
| 999 |
_c1397534 _d1397534 |
||